000 00404nam a2200157Ia 4500
008 230524s9999 xx 000 0 und d
082 _a604.21
_bKUM
100 _aS.M.Yahya
245 0 _aFundamentals of Compressible Flow with Aircraft & Rocket Propulsion
250 _a1ST
260 _aNEW DELHI
_bNAI
_c2005
300 _a440
500 _aQuantity Number: 2
650 _aMechanics
942 _cBK
999 _c12962
_d12962